Dodatková skripta k učebnici Československé trestní právo z r. 1959 : Stručný rozbor nového trestního zákona z r. 1961 : Určeno pro posl. právnické fak. /

Korporativní autor: Univerzita Karlova
Další autoři: Vybíral, Boris, 1927-1962
Jazyk: Čeština
Vydáno: Praha : SPN, 1962
Vydání: 1. vyd.
Edice: Učební texty vysokých škol
Témata:
Fyzický popis: 158 s. ; 4°
Knihy
Uloženo v:
LEADER 01234nam a2200337 a 4500
001 000470498
003 CZ BrMZK
005 20000105143423.0
007 ta
008 981005s1962 xr f cze d
015 |a cnb000731871 
035 |a (OCoLC)85710314 
040 |a BOA001  |b cze 
080 |a 343(437)"1961"(075.8)  |2 MRF 
245 0 0 |a Dodatková skripta k učebnici Československé trestní právo z r. 1959 :  |b Stručný rozbor nového trestního zákona z r. 1961 : Určeno pro posl. právnické fak. /  |c Kol. pod ved. Borise Vybírala 
250 |a 1. vyd. 
260 |a Praha :  |b SPN,  |c 1962 
300 |a 158 s. ;  |c 4° 
490 1 |a Učební texty vysokých škol 
500 |a Zkr. 
500 |a 863 výt. 
500 |a Pozn. 
500 |a Vyd. Karlova univ. v Praze 
700 1 |a Vybíral, Boris,  |d 1927-1962  |7 jk01151108  |4 aut 
710 2 |a Univerzita Karlova  |7 kn20010710036 
830 0 |a Učební texty vysokých škol 
910 |a BOA001  |b 4-0484.902 
964 |a Zákon trestní z r. 1961 - rozbory - učebnice vysokoškol. 
964 |a Právo trestní čs. - učebnice vysokoškol. - dodatky 
990 |a BK 
996 7 |b 2619754948  |c 4-0484.902  |l MZK  |r Sklad / do 24 hodin  |n 5  |w 000470498  |u 000010  |a 1  |e BOA001  |j MZK50  |s A